00503nam a2200157Ia 45000010006000000050017000060080041000230410008000640820021000721000050000932450149001432600009002923000028003016500008003296540008003371707120260306170358.0260306t2012||||xx |||||||||||||| ||und|| aESP a657.45bF34 V. 2 aFederación Internacional de ContadoreseAUT 0aGuía par el uso de las normas internacionales de auditoría en auditorías de pequeñas y medianas empresas:bVolumen 2 - Guía práctica c2012 a403 páginas :c28 cm. aGEN aCCO